000 00766nam a2200265 i 4500
003 DO-SdBNP
005 20240619140517.0
007 ta
008 240619b1983 mx c|||| |||| 00| 0 spa d
020 _a968432877X
040 _aDO-SdBNP
_bspa
_cBNPHU
_erda
082 4 _222
100 _aScott, Walter
_d1771-1832
_971438
_eautor
245 1 3 _aEl monasterio /
_cWalter Scott ; prólogo, Henry Thomas
264 _aMéxico :
_bPorrúa,
_c1983.
300 _a232 páginas :
_bretratos ;
336 _2rdacontent
_atexto
_btxt
337 _2rdamedia
_asin mediación
_bn
338 _2rda carrier
_avolumen
_bnc
490 _aSepan cuantos
590 _aInventariado, 2024/BT
700 _aThomas, Henry,
_eprólogo
_985716
910 _aBtavárez
942 _2ddc
_cLBS1
999 _c56898
_d56898